logo

Bir Sreshtho Munshi Abdur Rouf Library
Jhenaidah Cadet College

Difficult conversations : (Record no. 4174)

MARC details
000 -LEADER
fixed length control field 00786nam a2200277 a 4500
001 - CONTROL NUMBER
JCCL Control Number 4174
003 - CONTROL NUMBER IDENTIFIER
JCCL marc code BD-JhCC
005 - DATE AND TIME OF LATEST TRANSACTION
control field 20191117134007.0
008 - FIXED-LENGTH DATA ELEMENTS--GENERAL INFORMATION
fixed length control field 990621s1999 enk 000 0 eng d
020 ## - INTERNATIONAL STANDARD BOOK NUMBER
International Standard Book Number 0670883395 (hc.)
020 ## - INTERNATIONAL STANDARD BOOK NUMBER
International Standard Book Number 01402.8852X 9 (pbk.)
035 ## - SYSTEM CONTROL NUMBER
system control number BNB2546.1124
035 ## - SYSTEM CONTROL NUMBER
system control number (BD-JhCC)4174
040 ## - CATALOGING SOURCE
Original cataloging agency DB/U-1
Modifying agency BD-JhCC
041 ## - LANGUAGE CODE
Language code of Book eng
082 0# - DEWEY DECIMAL CLASSIFICATION NUMBER
Classification number 158.2
DDC Edition number 21
Author mark and Year STO 1999
100 10 - MAIN ENTRY--PERSONAL NAME
Personal name Stone, Douglas.
245 10 - TITLE STATEMENT
Title Difficult conversations :
Remainder of title how to discuss what matters most /
Statement of responsibility, etc Douglas Stone, Bruce Patton and Sheila Heen.
260 ## - PUBLICATION, DISTRIBUTION, ETC. (IMPRINT)
Place of publication, distribution, etc London :
Name of publisher, distributor, etc Penguin Books,
Date of publication, distribution, etc 1999.
300 ## - PHYSICAL DESCRIPTION
Pagination xxi, 250 p. ;
Dimensions 20 cm.
650 #0 - SUBJECT ADDED ENTRY--TOPICAL TERM
Topical term or geographic name as entry element Interpersonal communication.
700 1# - ADDED ENTRY--PERSONAL NAME
Personal name Patton, Bruce.
700 1# - ADDED ENTRY--PERSONAL NAME
Personal name Heen, Sheila.
942 ## - ADDED ENTRY ELEMENTS (KOHA)
Source of classification or shelving scheme Dewey Decimal Classification
Koha item type Books
Koha issues (borrowed), all copies 6
Holdings
Source of classification or shelving scheme Damaged status Not for loan Home library Current library Shelving location Date of accession Cost, normal purchase price Total Checkouts Full call number Barcode Date last seen Date checked out Copy number Koha item type
Dewey Decimal Classification     JCC Rouf Library JCC Rouf Library General Stacks 11/23/2017 16.00 5 158.2 STO 1999 6129 12/08/2019 11/17/2019 C- 1 Books

JCC Library | Contacts | JCC Home

Last Update on 23 September 2017
Copyright @ 2017-2020 JCC Rouf Library
Rouf Library, Jhenidah Cadet College (JCC), Bangladesh